000 01691cam a2200325 i 4500
001 19001104
003 OSt
005 20220223101305.0
008 160304s2017 nyua b 001 0 eng
010 _a 2016010466
020 _a9781138666337 (hardback : alk. paper)
020 _a9781138666344
040 _aDLC
_beng
_cDLC
_erda
_dDLC
042 _apcc
050 0 0 _aJF135.S43
100 1 _aShafritz, Jay M.,
245 1 0 _aIntroducing public administration /
_cJay M. Shafritz, E.W. Russell, Christopher P. Borick, Albert C. Hyde.
250 _aNinth edition.
264 1 _aNew York :
_bRoutledge,
_c2017.
300 _axxi, 610 pages :
_billustrations ;
_c24 cm
336 _atext
_btxt
_2rdacontent
337 _aunmediated
_bn
_2rdamedia
338 _avolume
_bnc
_2rdacarrier
504 _aIncludes bibliographical references and index.
505 0 _aContents : Defining public administration -- The political and cultural environment of public policy and its -- Administration -- The continuous reinventing of the machinery of government -- Intergovernmental relations -- Honor, ethics, and accountability -- The evolution of management and organization theory -- Organizational behavior -- Managerialism and information technology -- Strategic management and government regulation -- Leadership -- Personnel management and labor relations -- Social equity -- Public financial management -- Program audit and evaluation.
650 0 _aPublic administration
_vTextbooks.
906 _a7
_bcbc
_corignew
_d1
_eecip
_f20
_gy-gencatlg
942 _2lcc
_cBK
999 _c8776
_d16276